000 006460000a22002050004500
003 LK-CoMWRAF
005 20231106153642.0
008 230817t1988 ||||| |||| 00| 0 eng d
020 _a9555520186
040 _aLK-CoMWRAF
_dLK-CoMWRAF
_eLK-CoMWRAF
041 _aeng
082 _a954.93
_bDEW
100 _aDewaraja, L.S.
245 _aThe Kandyan kingdom of Sri Lanka 1707-1782
260 _aColombo:
_bLake House,
_c1988
300 _a302 p. : ill. (chiefly col.), maps ; 22 cm.
_bBibliography, glossary and index included
650 _aKANDY(Sri Lanka)-History18th century
650 _aKandy (Sri Lanka)--Kings and rulers.
942 _cBK
999 _c2505
_d2505